[Event "ARG-ch"]
[Site "Buenos Aires"]
[Date "1998.04.29"]
[Round "13"]
[White "Sorokin, Maxim"]
[Black "Szmetan, Jorge"]
[Result "1-0"]
[WhiteElo "2575"]
[BlackElo "2420"]
[Annotator "Yudasin,L"]
[PlyCount "47"]
[EventDate "1998.04.15"]
[EventType "tourn"]
[EventRounds "15"]
[EventCountry "ARG"]
[EventCategory "9"]
[SourceTitle "CBM 065"]
[Source "ChessBase"]
[SourceDate "1998.08.06"]
[SourceVersion "1"]
[SourceVersionDate "1998.08.06"]
[SourceQuality "1"]

1. d4 d6 2. e4 g6 3. Nc3 Bg7 4. Bg5 Nf6 5. Qd2 h6 6. Be3 Ng4 7. Bf4 e5 8. dxe5
dxe5 $2 (8... Nxe5 9. O-O-O Nbc6 10. Kb1 Be6 11. Nd5 Qd7 12. h3 $14) 9. Qxd8+
Kxd8 10. Bg3 h5 (10... Nd7 11. Bc4 Rf8 12. O-O-O h5 13. h3 Nh6 14. Nf3 f6 15.
Nh4) 11. Nf3 f6 (11... Nc6 12. O-O-O+ Bd7 13. Bb5 Kc8 14. h3 Nh6 15. Bxc6 Bxc6
16. Bxe5) (11... Re8 12. Bc4 Nh6 13. O-O-O+ Nd7 14. Ng5 Rf8 15. Bh4) 12. Rd1+ (
12. O-O-O+ Nd7 13. Nh4 Bh6+ 14. Kb1 g5 15. Nf5 h4) 12... Nd7 13. Nh4 g5 $8 14.
Nf5 Rh7 (14... h4 15. Bxh4 Rxh4 16. Nxg7 Nxh2 17. Ne6+ Ke7 18. Nxc7 Rb8 19. Ke2
$18) 15. h4 $1 gxh4 16. Rxh4 $1 (16. Bxh4 Bh8 17. f3 Nh6 18. Nd5 Nxf5 19. Nxf6
(19. Bxf6+ Bxf6 (19... Ke8 20. Nxc7+ Kf7 21. Bxh8 Ne3 22. Rxd7+ Bxd7 23. Nxa8
Rxh8 24. Nc7 Rc8 25. Nd5 Nxd5 26. exd5 Rxc2 27. Rxh5 Rxb2 28. Rxe5 $16) 20.
Nxf6 Rf7 21. Nxd7 Ne3 22. Nxe5+ Nxd1 23. Nxf7+ $18) 19... Bxf6 20. Bxf6+ Ke8
21. Rxd7 Bxd7 22. exf5 Bxf5 $17) 16... Bf8 (16... Bh8 17. Be2) 17. Be2 $18 Nh6
18. Rxh5 c6 19. Bh4 Kc7 20. g4 Rh8 21. Rxd7+ $1 Bxd7 22. Bxf6 Bxf5 (22... Rh7
23. g5) 23. Bxh8 Bxg4 24. Rxh6 {24...Bh6 25.Be5,24...Be2 25.Rh7 Yudasin} 1-0

[Event "RUS-chT 05th"]
[Site "Maikop"]
[Date "1998.06.05"]
[Round "3"]
[White "Zarubin, Pavel"]
[Black "Dmitriev, Igor"]
[Result "1-0"]
[WhiteElo "2445"]
[BlackElo "2405"]
[Annotator "Yudasin,L"]
[PlyCount "109"]
[EventDate "1998.06.03"]
[EventType "team-tourn"]
[EventRounds "11"]
[EventCountry "RUS"]
[SourceTitle "CBM 066"]
[Source "ChessBase"]
[SourceDate "1998.09.30"]
[SourceVersion "1"]
[SourceVersionDate "1998.09.30"]
[SourceQuality "1"]
[WhiteTeam "Cherepovets Severstal"]
[BlackTeam "Saratov GShK"]
[WhiteTeamCountry "RUS"]
[BlackTeamCountry "RUS"]

1. d4 d6 2. e4 a6 3. Bd3 $1 e5 4. c3 c5 5. Nf3 (5. d5 g6 6. a4 Bg7 {/\Ne7}) (5.
dxe5 dxe5 6. Nf3 Nc6 7. O-O $14) 5... exd4 (5... Bg4 6. dxe5 dxe5 7. h3 Bxf3 8.
Qxf3 $16) (5... Nc6 6. d5) 6. cxd4 Bg4 7. d5 (7. Nbd2 Nc6 8. h3 Bxf3 (8... Bh5
9. d5 Ne5 10. Be2 Nxf3+ 11. Bxf3 Bxf3 12. Qxf3 Nf6 $10) 9. Nxf3 cxd4 10. Bc4
Nf6 $13) 7... Nd7 8. a4 Ne7 (8... Ne5 9. Be2 Nxf3+ 10. Bxf3 Bxf3 11. Qxf3 Nf6
12. Nc3 g6 13. Bg5 Be7 14. Bh6 Bf8 15. Bxf8 Kxf8 16. O-O Kg7 17. Rfe1 $13) 9.
a5 Ng6 {/\Nh4} 10. Be2 Bxf3 11. Bxf3 Be7 (11... Nh4 12. O-O Nxf3+ 13. Qxf3 Be7
14. Qg3 O-O 15. Bf4) 12. O-O O-O 13. g3 Bf6 14. Bg2 $14 Qc7 15. Qc2 Rac8 16.
Bd2 h5 $1 17. Bc3 (17. h4 Nge5 18. Bc3 Ng4 19. Re1 Rfe8 $132) 17... Nge5 (17...
h4 18. Nd2 Rfe8 19. Bxf6 Nxf6 20. Ra4 $14) 18. Nd2 h4 19. Bh3 $1 Rce8 20. Kg2 (
20. Ra4 $5) 20... Re7 21. f4 Ng6 22. Bg4 $16 Bxc3 23. bxc3 Nf6 24. Bf3 (24. Bf5
Rfe8 {/\Nf8,g6}) 24... Rfe8 25. Qd3 (25. c4 {/\Qc3,Rae1,Re3,Rfe1+/-}) 25... Qd7
(25... c4 26. Qd4) 26. Rfe1 Ng4 27. Nc4 Nh6 28. Re3 Kh8 (28... f5 29. exf5 (29.
Rae1 fxe4 30. Bxe4 Nf8 $16) 29... Qxf5 30. Qxf5 Nxf5 31. Rxe7 Rxe7 32. Kf2 $16)
29. Rb1 $2 (29. Rae1 $18 {/\e5}) 29... f5 30. exf5 Nxf5 (30... Qxf5 31. Qxf5
Nxf5 32. Rxe7 Rxe7 33. Bg4 Ne3+ 34. Nxe3 Rxe3 35. Rxb7 Rxc3 36. Bf5 Nf8 37. Rb8
g6 38. Bxg6 Kg7 39. Bf5 $18) 31. Rxe7 Ngxe7 32. Re1 (32. g4 Nh6 (32... h3+ 33.
Kxh3 Nh6 34. Kg3) 33. h3 $16) 32... Rf8 33. Re6 Qb5 (33... Rf6 34. Rxf6 gxf6
35. Bg4 hxg3 36. hxg3 Nh4+ 37. Kh3 f5 38. Kxh4 fxg4 (38... Ng6+ 39. Kg5 Qg7 40.
Kxf5 Nf8 41. Ke4 Qxg4 42. Qf3 $18) 39. Kg5 $18) 34. Qe2 hxg3 35. hxg3 Rf6 36.
Rxf6 gxf6 37. Kf2 Qd7 (37... Qb3 38. Nxd6 Nxd6 39. Qxe7 Qc2+ 40. Kg1 $18) 38.
Qf1 (38. Bg4 $16) 38... Nh6 (38... Qb5 39. g4 Nh4 40. Be2) 39. Qh1 Kg7 40. Qh5
Ng6 (40... Qf5 41. Qxf5 Nhxf5 42. g4 Nh4 43. Nxd6 Nxf3 44. Kxf3 Nxd5 45. Nxb7
c4 46. Nc5 Nxc3 47. Nxa6 Nb5 48. Nb4 c3 49. a6 $18) 41. Be2 Ne7 42. Ne3 Qc8 43.
Bf1 (43. Bd3 c4 44. Bxc4 Qc5 $132) 43... Qd7 (43... c4 44. Bh3 Qc5 45. Be6 $1
Qxa5 46. g4 $2 (46. Qe8 $1 Qc7 47. g4 $40) 46... Qxc3 47. g5 fxg5 48. fxg5 Nhg8
$13) 44. Bd3 (44. Bh3 Qd8 (44... f5 45. Qg5+ Kh7 46. Bf1 {/\Bd3,g4}) 45. Be6 {
/\g4-g5}) 44... Qa4 45. Nc4 Qd7 $2 (45... Qa2+ 46. Kf3 (46. Be2 Nhf5 47. g4 Nh6
48. g5 Nhf5 49. Nxd6 Nxd6 50. gxf6+ Kxf6 51. Qe5+ Kf7 52. Qxd6 $16) 46... Qb3
47. Qe8 $2 (47. Nxd6 Qd1+ (47... Qxc3 48. Ne8+ Kg8 $13) 48. Be2 Qxd5+ 49. Qxd5
Nxd5 50. c4 $18) 47... Qd1+) 46. Kf3 Nf7 47. Nb6 Qd8 (47... Qa4 $2 48. Qh7+ $2
(48. Qg4+ Kh8 49. Qe6 Qd1+ 50. Be2 Qh1+ 51. Ke3 $18) 48... Kf8 49. Bc2 Qb5 50.
c4 Qxa5 51. Nd7+ Ke8 52. Nxf6+ Kf8 53. Kg4 Qc3 $13) 48. Qg4+ Kf8 (48... Kh8 49.
Qe6) 49. Nd7+ $18 Ke8 50. Nxf6+ Kf8 51. Qe6 Kg7 52. Nd7 c4 53. Be4 Qxa5 54.
Qxe7 Qxc3+ 55. Kg4 {Yudasin} 1-0

[Event "ARG-ch"]
[Site "Buenos Aires"]
[Date "1998.04.21"]
[Round "6"]
[White "Alonso, Salvador"]
[Black "Dolezal, Cristian"]
[Result "1/2-1/2"]
[WhiteElo "2390"]
[BlackElo "2300"]
[Annotator "Yudasin,L"]
[PlyCount "159"]
[EventDate "1998.04.15"]
[EventType "tourn"]
[EventRounds "15"]
[EventCountry "ARG"]
[EventCategory "9"]
[SourceTitle "CBM 065"]
[Source "ChessBase"]
[SourceDate "1998.08.06"]
[SourceVersion "1"]
[SourceVersionDate "1998.08.06"]
[SourceQuality "1"]

1. e4 d6 2. d4 Nf6 3. Bd3 e5 4. c3 g6 5. Nf3 Nbd7 6. O-O Bg7 7. Nbd2 O-O 8. a4
$6 (8. Re1 Re8 9. a4 d5 $2 10. dxe5 Nxe4 11. Nxe4 dxe4 12. Bg5 $16) 8... d5 $10
9. dxe5 (9. exd5 Nxd5 10. dxe5 Nxe5 11. Nxe5 Bxe5 12. Nf3 Bg7 13. Bg5 Nf6 $10)
9... Nxe4 10. Nxe4 dxe4 11. Bxe4 Nxe5 12. a5 (12. Qxd8 Rxd8 13. Bg5 Re8 14.
Rfe1 c6 15. Nxe5 Bxe5 16. Rad1 Bg4 17. f3 Be6 18. Bxc6 Bxh2+ 19. Kxh2 bxc6)
12... a6 (12... Rb8 13. Bf4) 13. Nd4 (13. Qxd8 Rxd8 14. Bf4 Nxf3+ 15. Bxf3 c6
$10) 13... Re8 (13... c5 14. Nb3 (14. Nf3 Qc7 15. Bf4 Bg4 $10 16. Bg3) 14...
Qc7 15. h3 Be6 $10) (13... c6 14. Qb3 Qc7 15. h3 c5) 14. Re1 Nc4 15. Bf3 Ne5 (
15... Rxe1+ 16. Qxe1 Nd6 $2 (16... c6 $132 17. Qe2) (16... Bxd4 17. cxd4 Qxd4
18. Bh6 Be6 19. Bxb7 Ra7 (19... Rd8 20. Bxa6 $16) 20. Rd1 Qh4 21. Qc3 f6 22. g3
Qxh6 23. Qxf6 $18) 17. Bf4 Nb5 18. Nxb5 axb5 19. Rd1) 16. Be4 Nc4 17. Bf3 Ne5
18. Be2 Bd7 (18... c5 19. Nb3 Qc7 20. Be3 Bf8 21. Bf4 Bf5 $13) 19. Be3 Qf6 $5 (
19... Nc6 $10) 20. Qb3 $6 (20. f4 Nc6 21. Bf3 Nxd4 22. Qxd4 Qxd4 23. Bxd4 Bxd4+
24. cxd4 c6 25. d5 cxd5 26. Bxd5 Bc6 $10) 20... c5 21. Nf3 Bc6 22. Nxe5 (22.
Nd2 Rad8) 22... Rxe5 23. Bc4 $15 (23. Bf1 Rae8 24. Red1 h5) 23... Rae8 24. Red1
Qf5 $5 (24... h5 $36) 25. Rd6 $6 $15 (25. h3 $15) 25... Bf8 26. Rxc6 $6 (26.
Rd2 $15) 26... bxc6 27. Bxa6 Bd6 $1 {/\Re3,Qe5} 28. Bc4 Rxe3 29. fxe3 Rb8 30.
Qd1 (30. Qa3 Qe4 31. Bf1 Qxe3+ 32. Kh1 Qh6 33. h3 Qf4 $40) 30... Qe5 31. Qd2
$19 (31. g3 Qxe3+ 32. Kf1 Rxb2) 31... Qxh2+ 32. Kf2 (32. Kf1 Bg3) 32... Qh4+ (
32... Bg3+ 33. Kf3 Bh4 $19 {/\Qg3,Rd8}) 33. Kg1 (33. Kf1 Qxc4+) 33... Bh2+ 34.
Kh1 Bg3+ 35. Kg1 Qxc4 (35... Rd8 36. Qxd8+ Qxd8 37. a6 Qh4 $19) 36. a6 Qd5 (
36... Qh4) 37. Qe2 c4 38. Qg4 Bc7 (38... Qe5 $19) 39. Rd1 Qc5 40. Qf3 Bb6 41.
Rd4 Ba7 (41... Re8) 42. Qf6 Re8 43. Kf1 Qh5 44. Rd7 Qh1+ 45. Kf2 Bxe3+ 46. Kg3
Qe1+ 47. Kh3 Qf2 (47... Rf8 48. a7 Bf2 49. a8=Q Qh1+ 50. Kg4 Qxg2+ 51. Kf4 Qg3+
52. Ke4 Qe3#) 48. Rxf7 Qxf6 49. Rxf6 Rc8 50. Re6 Bc1 $4 (50... Bb6) 51. a7 Bxb2
(51... Ra8 52. Re7 Bf4 53. Rb7 $13) 52. Rxc6 Ra8 53. Rb6 Rxa7 54. Rxb2 Rd7 $5 (
54... Ra3 55. Rc2 Kf7 56. Kg4 Kf6 57. Kf4 $132) 55. Kh4 Rd3 56. g4 $1 Rxc3 57.
Rb8+ Kf7 58. Rb7+ Kf6 59. g5+ (59. Rxh7 $4 g5+ 60. Kh5 Rh3#) 59... Ke6 60. Rxh7
Rc1 61. Rc7 (61. Rg7 c3 62. Rxg6+ Ke5 63. Rc6 c2) 61... c3 (61... Kf5 62. Rc5+
Ke4 63. Rc6 Kd5 64. Rc8 Rg1 65. Rd8+ Ke4 66. Re8+ Kd3 67. Rd8+ Kc2 68. Rd6) 62.
Kg3 c2 $2 (62... Kf5 63. Rc5+ Ke4 64. Kg2 Kd3 65. Rd5+ Kc2 66. Rd6 Rd1 67. Rxg6
Rd5 68. Rg8 Kd2 69. g6 c2 $19) 63. Kg2 Kf5 64. Rc5+ Kg4 65. Rc8 Kxg5 66. Rc7
$10 Kf5 67. Rc8 Ke6 68. Rc3 g5 69. Rc4 Ke5 70. Rc8 Kf4 71. Rf8+ Kg4 72. Rc8 Rd1
73. Rxc2 Rd4 74. Ra2 Kh4 75. Rb2 Rg4+ 76. Kh2 Re4 77. Ra2 Kg4 78. Kg2 Kf4 79.
Rb2 Re3 80. Rb4+ {Yudasin} 1/2-1/2

[Event "RUS-chT 05th"]
[Site "Maikop"]
[Date "1998.06.09"]
[Round "7"]
[White "Galkin, Alexander"]
[Black "Shabanov, Yuri"]
[Result "0-1"]
[WhiteElo "2565"]
[BlackElo "2495"]
[Annotator "Yudasin,L"]
[PlyCount "72"]
[EventDate "1998.06.03"]
[EventType "team-tourn"]
[EventRounds "11"]
[EventCountry "RUS"]
[SourceTitle "CBM 066"]
[Source "ChessBase"]
[SourceDate "1998.09.30"]
[SourceVersion "1"]
[SourceVersionDate "1998.09.30"]
[SourceQuality "1"]
[WhiteTeam "Maykop Universitet"]
[BlackTeam "Cherepovets Severstal"]
[WhiteTeamCountry "RUS"]
[BlackTeamCountry "RUS"]

1. e4 d6 2. d4 Nf6 3. Nc3 g6 4. f3 Bg7 5. Be3 c6 (5... a6 $5) 6. Qd2 b5 7. Nge2
(7. g4) (7. O-O-O) 7... Nbd7 8. Nf4 (8. g4 Nb6 9. b3 a5 10. a4 b4 11. Nd1 h5
12. g5 Nfd7 $13) (8. Bh6 Bxh6 9. Qxh6 Bb7 $132 {/\Qa5}) 8... Bb7 (8... e5 9.
dxe5 dxe5 10. Nd3 $16) 9. Nd3 {/\e5} a5 $1 10. Qf2 (10. e5 b4 11. exf6 (11. Na4
Nd5) 11... bxc3 12. bxc3 Nxf6 $15) 10... Nb6 11. b3 $1 (11. d5 Nc4 12. dxc6
Bxc6 $17) (11. a4 b4 12. Ne2 Nc4 13. Bc1 Nd7 14. b3 Ncb6 15. Bb2 Rc8 $15) 11...
a4 $6 (11... O-O 12. Be2 Qc7 $13) 12. Be2 (12. d5 $4 Nfxd5 13. Nxd5 Nxd5) 12...
axb3 13. cxb3 O-O 14. O-O Nbd7 (14... Nfd7 $5 15. f4 f5 16. e5 $36) 15. Rac1 (
15. e5 dxe5 (15... Ne8 16. f4 Nc7 $14) 16. dxe5 Ne8 17. f4 $14) 15... Qb8 16.
Rfd1 (16. f4 $5 $36) 16... Rc8 17. Rc2 (17. g4 $5) (17. f4 $5) 17... Ne8 18.
Bf1 (18. h4 $5 $36) 18... Nc7 19. g3 (19. f4) 19... Na6 $1 20. Bh3 Rc7 (20...
e6 21. f4 f5 (21... Re8 22. f5 exf5 23. exf5 Nf6 $13) 22. g4 $40) 21. Rdc1 Bc8
{/\Ne5,Nc5} 22. Bg2 (22. Kg2 $5) 22... Bb7 23. f4 (23. Bh3 Bc8) 23... Nf6 24.
Qe2 (24. h3 b4 25. Na4 c5) 24... h5 (24... b4 25. Na4 c5 26. dxc5 Nxe4 (26...
Bxe4 27. Nb6 Raa7 28. Bxe4 Nxe4 29. cxd6 exd6 30. Nd5 Nc3 31. Nxc3 (31. Qg2
Nxd5 32. Qxd5 Rxc2 33. Rxc2 Re7 34. Bf2 $14) 31... bxc3 32. Bxa7 Qxa7+ 33. Kg2
Re7 $146) 27. cxd6 Rxc2 (27... Nxd6 28. Nb6 Bxg2 29. Qxg2 Raa7 30. Nd5 Rxc2 31.
Qxc2 Rd7 32. Qc6 Qb7 $14) 28. Qxc2 Qxd6 29. Ne5 $16) 25. h3 $5 (25. Nf2 Nb4 26.
Rd2 $13 {/\h3,g4}) 25... b4 $6 (25... Qc8 26. e5 $16) 26. Na4 c5 27. dxc5 Bxe4
(27... Nxe4 28. Bxe4 (28. Nb6 Nxg3 29. Qe1 Bxg2 30. Kxg2 (30. Qxg3 Be4 31. Nxa8
Bxa8 $146 (31... Qxa8 $146)) 30... Nf5 31. Nxa8 Qxa8+ 32. Kh2 Bc3 $17) 28...
Bxe4 29. Nb6 Raa7 30. cxd6 Rxc2 31. Rxc2 Qxd6 32. Rc8+ Kh7 33. Nf2 Bf5 34. Nc4
Qf6 $13) 28. Nb6 (28. Bxe4 Nxe4 29. Nb6 Raa7 30. Nd5 Nc3 $146 31. Nxc3 bxc3 32.
cxd6 exd6 33. Bxa7 Qxa7+ 34. Kh2 Re7 $146) 28... Raa7 29. cxd6 exd6 30. Bxe4 (
30. Bxe4 Nxe4 31. Nd5 Nc3 32. Nxc3 bxc3 33. Bxa7 Qxa7+ 34. Kg2 Re7 $146) (30.
Nc4 Rab7 $15) 30... Nxe4 31. Nd5 Nc3 (31... Rxc2 32. Qxc2 Rd7 33. Qc6 Qb7 34.
N3xb4 Nxb4 35. Nxb4 Nxg3 36. Nd5 $16) 32. Qg2 (32. Nxc3 bxc3 33. Bxa7 Qxa7+
$146) (32. Rxc3 bxc3 33. Nxc7 Rxc7 34. Qf3 Qb5 $17) 32... Nxd5 33. Qxd5 Rxc2
34. Rxc2 Re7 35. Bd4 $4 (35. Bf2 $14) 35... Qb7 36. Qc4 (36. Qxd6 Rd7) (36.
Qxb7 Bxd4+) 36... Rc7 {Yudasin} 0-1

[Event "Serbian-ch 29th"]
[Site "Sabac"]
[Date "1998.04.23"]
[Round "4"]
[White "Relange, Eloi"]
[Black "Vuckovic, Bojan"]
[Result "1/2-1/2"]
[WhiteElo "2490"]
[BlackElo "2320"]
[Annotator "Yudasin,L"]
[PlyCount "100"]
[EventDate "1998.04.20"]
[EventType "tourn"]
[EventRounds "13"]
[EventCountry "YUG"]
[EventCategory "9"]
[SourceTitle "CBM 065"]
[Source "ChessBase"]
[SourceDate "1998.08.06"]
[SourceVersion "1"]
[SourceVersionDate "1998.08.06"]
[SourceQuality "1"]

1. g3 Nf6 2. Bg2 g6 3. d4 Bg7 (3... d5) 4. e4 d6 5. Ne2 O-O 6. Nbc3 (6. c4)
6... Nbd7 (6... e5 7. O-O Nc6 8. d5 Ne7 9. f4 (9. Bg5 h6 10. Bxf6 Bxf6 11. Qd3
Bg7 12. Rad1 f5 13. f4 $36) 9... exf4 10. gxf4 c6 11. dxc6 bxc6 $13) 7. O-O e5
8. h3 exd4 (8... c6 9. Be3 Re8 10. Re1 b5 $13) 9. Nxd4 Re8 10. Re1 Nc5 11. a4 (
11. g4 $5) (11. b3 Ne6 12. Nxe6 Bxe6 13. Bb2 Qc8 14. Kh2 h5 $10) 11... a5 12.
Ndb5 Bd7 13. f3 (13. b3 $2 Bxb5) 13... Ne6 (13... Bc6 14. Nd4 Nfd7 15. Be3 Ne5
16. b3) 14. Kh2 Bc6 15. Be3 (15. f4 Nc5 16. e5 dxe5 17. Qxd8 Raxd8 18. Nxc7 Re7
19. N7b5 Bxg2 20. Kxg2 Nd5 $17 21. Nxd5 Rxd5 22. Be3) 15... h5 16. h4 (16. Qd2
d5 $2 (16... h4 17. g4 g5 18. Bxg5 $2 (18. Nd5 Nh7 $13) 18... Nxg4+ 19. hxg4
Nxg5 20. Nxc7 Nxf3+ 21. Bxf3 Qxc7 $15) 17. e5 Nd7 18. f4 Ndc5 19. Rad1 Nxa4 20.
Nxa4 Bxb5 21. Nc3 d4 22. Nxb5 dxe3 23. Qxe3 Qc8 24. h4 $16 {/\Qf3}) 16... Nd7
17. Qd2 Ne5 18. b3 Bxb5 $6 19. axb5 $2 (19. Nxb5 Nc6 20. Rad1 Be5 21. f4 Bf6
22. Qf2 Qe7 $14) 19... Qf6 20. Rf1 Nxf3+ 21. Rxf3 Qxc3 22. Qxc3 Bxc3 23. Raf1
Re7 (23... Rf8 24. Bg5 {/\Be7} Nxg5 25. Rxc3 Ne6 26. e5 dxe5 27. Bxb7 Rab8 28.
Bd5 $36) 24. Bg5 $1 Nxg5 25. Rxc3 Ne6 (25... Nxe4 26. Bxe4 Rxe4 27. Rxc7 Rf8
28. Rf2 b6 29. Rb7) 26. e5 dxe5 27. Bxb7 Rb8 28. Bd5 Nd8 (28... Rxb5 29. Bxe6
Rxe6 30. Rxc7 f5 31. Rd1 Rb8 32. Rdd7 $10) (28... Nd4 29. Rxf7 Rxf7 30. Rxc7
Rbf8 31. b6 Kg7 32. Bxf7 Rxf7 33. b7 Nc6 34. Rxc6 Rxb7 35. Rc5 $16) 29. Rc5 e4
$2 (29... Kg7 30. Ra1) (29... Nb7 30. Rxf7 (30. Bxb7 Rxb7 31. Ra1 Ra7 32. Kg2
$132 {/\Ra4,b4}) 30... Rxf7 31. Rxc7 Nd6 32. Rd7 Rb6 33. c4 Kg7 34. Bxf7 Nxf7
35. Ra7 $132 Rd6 36. Rxa5 (36. c5 Rd5 37. Rc7 Rd3 38. b6 Rxb3 39. b7 Kf6 40. c6
Nd6 41. Rd7 Nxb7 42. cxb7 a4 43. Rd6+ Kf5 44. Ra6 Rxb7 45. Rxa4 $13) 36... Rd2+
37. Kh3 g5 $19) 30. Kg2 Nb7 31. Bxb7 Rxb7 32. Kf2 Rb6 33. Ke3 Kg7 34. Rd5 $2 (
34. Ra1 Rf6) (34. Rf4 f5 35. Rf1 Rd6 36. Ra1 $132 {/\Ra5-a7}) 34... c6 35. Rd6
Rxb5 36. Rxc6 Rd5 37. Rf2 $2 (37. Rc4 f5 38. Ra1 $17) 37... f5 $2 (37... Rd1
$19 {/\Rg1}) 38. Rd2 Red7 39. Rxd5 Rxd5 40. Ra6 Kf7 41. Kf4 Rd2 42. c4 Rf2+ (
42... Rd3 43. Ra7+ Kg8 44. Rxa5 Rf3+ 45. Kg5 Rxg3+ 46. Kf6 f4 47. Ra8+ Kh7 48.
Ra7+ Kh6 49. Ra8 Kh7 $10) 43. Ke5 e3 44. Ra7+ Ke8 (44... Kg8 45. Kf6 e2 46.
Ra8+ Kh7 47. Ra7+ Kh6 48. Ra8 $10) 45. Ke6 Kd8 46. Rxa5 Rb2 (46... Rf3 47. Kd6
Kc8 48. Kc6 Kb8 49. Rb5+ Ka7 50. Ra5+ $10) (46... e2 47. Re5 Rf3 48. Rxe2 Rxg3
49. Kf6 Rxb3 50. Kxg6 Rc3 51. Rd2+ Ke7 52. Rd4 Ke6 53. Kxh5 Ke5 $10) 47. Re5
Rxb3 48. Kf6 e2 49. Kxg6 Rxg3+ 50. Kxf5 Rg4 {Yudasin} 1/2-1/2

[Event "Martigny op 22nd"]
[Site "Martigny"]
[Date "2013.08.05"]
[Round "6"]
[White "Zakhartsov, Viacheslav V"]
[Black "Chatalbashev, Boris"]
[Result "1/2-1/2"]
[WhiteElo "2560"]
[BlackElo "2523"]
[Annotator "Zakhartsov,Vi"]
[PlyCount "55"]
[EventDate "2013.08.02"]
[EventType "swiss"]
[EventRounds "7"]
[EventCountry "SUI"]
[SourceTitle "CBM 156"]
[Source "ChessBase"]
[SourceDate "2013.09.17"]
[SourceVersion "1"]
[SourceVersionDate "2013.09.17"]
[SourceQuality "1"]

1. e4 d6 2. d4 Nf6 3. Nc3 g6 4. g3 Bg7 5. Bg2 O-O 6. Nge2 e5 7. O-O exd4 8.
Nxd4 Nc6 9. Nde2 {I think that} (9. Nxc6 bxc6 10. e5 dxe5 11. Bxc6 Rb8 {
gives nothing to White.}) 9... Re8 10. h3 Bd7 11. g4 {I thought that like this
I had prevented the b7-b5 threat. However, after a long period of thought he
played} b5 $1 12. g5 {A novelty. Earlier White played} (12. Ng3 b4 13. Nce2 h6
{, and Black is OK}) 12... Nh5 13. Nxb5 Qc8 14. Kh2 Ne5 15. Nec3 (15. Nbc3 Bxh3
16. Bxh3 Nf3+ 17. Kg2 Nh4+ 18. Kh2 Nf3+ {led to a draw which would be
completely fine for Boris - at the moment he was confidently leading with 5
out of 5. But, objectively speaking, the text is no better.}) 15... Rb8 16. Nd4
c5 17. Nb3 Nc4 {Black has enough compensation for the pawn and the easier game:
much more active pieces, queenside initiative, rather exposed white king.} 18.
f4 Bc6 (18... Bxc3 $5 19. bxc3 Bc6 20. Re1 Qe6) 19. Qd3 Qe6 20. f5 $2 {Mistake.
However, in such a position it was difficult to find a good move.} (20. Kg1
Bxc3 21. f5 gxf5 22. exf5 Qd7 23. bxc3 (23. Qxc3 $2 Bxg2 24. Kxg2 Re2+ 25. Kg1
Ne5 {and White is in trouble}) (23. Bxc6 Qxc6 24. bxc3 Ne5) 23... Ne5 24. Bxc6
Qxc6 {with Black's initiative}) (20. Rf2 Bxc3 21. Qxc3 Bxe4 22. Re2 f5 {
with excellent play for Black}) 20... Qe5+ (20... gxf5 $1 {led to an advantage:
} 21. exf5 (21. Rxf5 Bxc3 22. bxc3 Bxe4 23. Bxe4 Qxe4 24. Qxe4 Rxe4) 21... Qe5+
22. Kg1 Nxb2 $1 23. Bxb2 c4 24. Qxc4 (24. Qd2 Bxg2 25. Qxg2 cxb3 26. cxb3 Qc5+
27. Kh1 Bxc3 28. Rac1 Re2 $1 {winning}) 24... Bxg2 25. Rfe1 (25. Kxg2 Qg3+ 26.
Kh1 Qxh3+ 27. Kg1 Qg3+ 28. Kh1 Be5 29. Qe2 Rb4 {and Black wins}) (25. g6 d5 26.
gxf7+ Kxf7 27. Qg4 Bxf1 28. Qxh5+ Kg8 29. Rxf1 Qg3+ 30. Kh1 Re1 31. Rxe1 Qxe1+
32. Kg2 Bxc3 {with a winning advantage}) 25... Qxf5 26. Qg4 Qxg4 27. hxg4 Nf4
$17 {Of course, all this (especially 22...Nb2! and 23...c4) can hardly be
foreseen by a mere human.}) 21. Kg1 Nb6 22. Na5 c4 $5 {Forcing a draw.} (22...
Ba8 23. f6 Bf8 {with the idea ...d5 and Bd6, also deserved attention. But, as
I have mentioned, a draw fully suited Boris.}) 23. Nxc6 cxd3 24. Nxe5 Bxe5 25.
cxd3 Bd4+ 26. Kh2 Be5+ 27. Kg1 Bd4+ 28. Kh2 1/2-1/2

[Event "SWE-ch"]
[Site "Linkoping"]
[Date "2001.07.08"]
[Round "7"]
[White "Brynell, Stellan"]
[Black "Hillarp Persson, Tiger"]
[Result "1/2-1/2"]
[WhiteElo "2462"]
[BlackElo "2486"]
[Annotator "Ziegler,A"]
[PlyCount "72"]
[EventDate "2001.06.30"]
[EventType "tourn"]
[EventRounds "13"]
[EventCountry "SWE"]
[EventCategory "8"]
[SourceTitle "CBM 085"]
[Source "ChessBase"]
[SourceDate "2001.11.13"]
[SourceVersion "1"]
[SourceVersionDate "2001.11.13"]
[SourceQuality "1"]

1. e4 d6 2. d4 Nf6 3. Nc3 c6 4. f4 Qa5 5. e5 {Kul, Stellan tar för sig.} (5.
Bd3 {Skall man väl spela.}) 5... Ne4 6. Qf3 ({OK, men} 6. Bd3 {nu då!} Nxc3 7.
Qd2 g6 8. bxc3 dxe5 9. fxe5 Bh6 10. Qxh6 Qxc3+ 11. Ke2 Qxa1 12. Qg7 Rf8 13. Nf3
g5 {Ger svart bra spel.}) 6... f5 {Tiger berättade att han hade sett Azmaj
spela det, och tänkte att om han spelar det kan det inte vara så dåligt.} 7.
exf6 $6 (7. Bd3 d5 {Blir tillknäppt spel och seg kamp. Kanske har vit ett
litet plus tack vare e5-bonden.}) 7... Nxf6 {[#] Vits svaghet i centrum finns
på de vita fälten. Den pjäs som kan upprätthålla kampen där är vitfältaren.
Alltså skall svart sträva efter att byta den.} 8. Bd3 Na6 {Tiger skrider
genast till verket.} 9. Nge2 Nb4 10. O-O Bg4 11. Qe3 Nxd3 12. Qxd3 {Om vi går
vidare med strategiska resonemang skulle svart gärna vilja byta bort de lätta
förutom en springare mot vits svartsfältare. Det skulle i praktiken bli vinst
efterom ställningens statiska struktur skulle tillåta svart att omgruppera i
oöndlighet.} Bf5 {Tiger väljer att behålla pjäserna på brädan för att om
möjligt få till dynamiskt spel.} 13. Qd1 g6 {Förutom att det öppnar upp för
löparen fixerar det även svagheten på f4.} 14. Ng3 h5 15. Be3 Bg7 ({Även} 15...
e6 {var ett rimligt alternativ. Idén skulle vara ...d5 följt av ...Lb4.}) 16.
Kh1 h4 17. Nxf5 Qxf5 (17... gxf5 {Kunde man också tänka sig. Det råkiga blir
dock e-bonden.}) 18. h3 {Vit var orolig för att svart själv skulle dra till
med ...h3. Men nu isolerar han sin svaga f-bonde samt försvagar sig i onödan
runt kungen.} Nh5 $6 {Svart vilar inte på hanen.} (18... O-O-O {Såg fint ut.
Svart fortsätter i lugn och ro att bygga upp sin styrka kring de vita fälten
med ...e6 och sedan börjar han massera svagheten på f4 med Tdf8, och sedan
bestämmer han sig i vilken ordning han skall flytta de lätta. Meneingen är att
få vit att bli tvungen att bygga upp ett statiskt försvar kring f4-bonden.})
19. Kg1 Ng3 20. Rf3 Qf7 {Ett skumt drag. Vit tar tillfället i akt och
utvecklar sig.} 21. Qd3 d5 22. Re1 Nf5 {Springaren står ganska fint här, men
den är inte värst så effektiv.} 23. Nd1 {Stellan bestämmer sig för att
förbättra sin sämsta pjäs!} O-O-O 24. Nf2 Kb8 25. Ng4 {Det var
stormästartakter på den springarmanövern.} Rc8 26. c3 Rhd8 27. Bf2 {[#] Nu ser
det inte ut att vara så mycket att bråka om längre.} Bf6 28. Qe2 Qg8 29. Rd3 {
Vit spelar lite fantasilöst. Det kommer att straffa honom.} Ka8 30. Qf3 {
Inte heller något vidare.} Rf8 {Äntligen hamnar ett torn på f-linjen.} 31. Rd2
g5 32. Rde2 Bh8 33. Re6 gxf4 $6 ({Svart skulle startat med det förberedande:} 
33... Rce8 $1 {Nu hotar svart ...gxf4 med fart.} 34. b4 gxf4 35. Nh6 Nxh6 36.
Rxh6 e5 $1 37. dxe5 Rxe5 38. Rxe5 Bxe5 39. Rxh4 Qg6 {Och svart står överlägset.
}) 34. Nh6 Nxh6 35. Rxh6 Bf6 36. Bxh4 Qg7 {Det fanns en del kvar att spela om,
men de var väl rädda.} 1/2-1/2